Control de costes por el método G.P. / (Record no. 118122)

MARC details
000 -LEADER
campo de control de longitud fija 00514nam a2200169 4500
001 - NÚMERO DE CONTROL
campo de control 118122
003 - IDENTIFICADOR DE NÚMERO DE CONTROL
campo de control ES-MaACL
005 - FECHA Y HORA DE LA ÚLTIMA TRANSACCIÓN
campo de control 20230906191032.0
007 - CAMPO FIJO DE DESCRIPCIÓN FÍSICA--INFORMACIÓN GENERAL
campo de control de longitud fija t|
008 - DATOS DE LONGITUD FIJA--INFORMACIÓN GENERAL
campo de control de longitud fija 070214s1968 sp r ||||1| spa d
100 1# - ENTRADA PRINCIPAL--NOMBRE DE PERSONA
Nombre de persona Perrin, Georges.
9 (RLIN) 91356
245 10 - MENCIÓN DEL TÍTULO
Título Control de costes por el método G.P. /
Mención de responsabilidad, etc. Georges Perrin ; traducción de J. Bronte Chueca.
260 ## - PUBLICACIÓN, DISTRIBUCIÓN, ETC.
Lugar de publicación, distribución, etc. Madrid :
Nombre del editor, distribuidor, etc. Ibérico Europea,
Fecha de publicación, distribución, etc. 1968.
300 ## - DESCRIPCIÓN FÍSICA
Extensión 227 p. ;
Dimensiones 21 cm.
700 1# - ENTRADA AGREGADA--NOMBRE PERSONAL
Nombre de persona Bronte Chueca, J.
9 (RLIN) 31903
852 ## - LOCALIZACIÓN
Ubicación ES-MaACL
Número de control de estantería C-36039
Sublocalización o colección R.68745
Holdings
Estatus retirado Estado de pérdida Estado de daño No para préstamo Biblioteca de origen Biblioteca actual Ubicación en estantería Fecha de adquisición Fuente de adquisición Total de préstamos Signatura topográfica completa Código de barras Visto por última vez Precio de reemplazo Tipo de ítem Koha
        Biblioteca del Ateneo de Madrid Biblioteca del Ateneo de Madrid Depósito 2 17/01/2008     C-36039 1123142 23/02/2023 23/02/2023 Libro impreso